| 000 | 00902nam a2200241 i 4500 | ||
|---|---|---|---|
| 001 | 47822 | ||
| 003 | ES-MaACL | ||
| 005 | 20230906161635.0 | ||
| 007 | t| | ||
| 008 | 030528s1999 mx |||| | spa d | ||
| 020 | _a968-12-0955-9 | ||
| 080 | _a929-054.7(=1.460:72)"19":008 | ||
| 245 | 0 | 4 |
_aLos refugiados españoles y la cultura mexicana _b: actas de las segundas jornadas celebradas en el Colegio de México en noviembre de 1996 / _cJames Valender, Rose Corral, Juan Manuel Díaz de Guereñu ... [et al.]. |
| 250 | _a1ª ed. | ||
| 260 |
_aMéxico : _bEl Colegio de México, _c1999. |
||
| 300 |
_a516 p. ; _c24 cm. |
||
| 500 | _aÍndice. | ||
| 504 | _aReferencias bibliográficas. | ||
| 650 | 1 | 4 |
_aExiliados españoles- _zMéxico- _xVida intelectual- _vCongresos y asambleas. _9160019 |
| 700 | 1 |
_aValender, James. _9112583 |
|
| 710 | 2 |
_aColegio de México. _92911 |
|
| 852 |
_aES-MaACL _jL-26403 |
||
| 999 |
_c47822 _d47822 |
||